000 00715nam a2200265Ia 4500
003 OSt
005 20220912151458.0
006 a|||||r|||| 00| 0
007 ta
008 220909b |||||||| |||| 00| 0 eng d
024 _a33203
037 _cTextual
040 _aCSL
_beng
_cCSL
041 _aeng
082 _aY173:1:13:271:N3, E6.2;1
100 _aRussell R V
245 0 _aTribes and castes of the central provinces of India
260 _aDelhi
_bRajdhani Book Centre
_c1916
300 _a540p.
_ccm.
650 _a Anthropology
650 _a Culture
650 _aEthnology
942 _hY173:1:13:271:N3, E6.2;1
_cTEXL
_2CC
999 _c69474
_d69474